Countries of The Persian Empire (539-330 B.C) - Statistics

General Stats
  • This quiz has been taken 24 times
  • The average score is 11 of 13
Answer Stats
Hint Answer % Correct
Thrace Greece
96%
Jerusalem Israel
92%
Memphis Egypt
88%
Thebes Egypt
88%
Eobatana Iran
88%
Susa Iran
88%
Pasargadea Iran
88%
Persepolis Iran
88%
Miletius Turkey
88%
Sardis Turkey
88%
Tyre Lebanon
79%
Royal Road Armenia
46%
Bactra Tajikistan
42%
No matching quizzes found
Score Distribution
Percent of People with Each Score
Percentile by Number Answered
Your Score History
You have not taken this quiz